[Event "CZE-chT2F 1718"]
[Site "Czech Republic"]
[Date "2018.02.11"]
[Round "8.7"]
[White "Prenosil, Jiri"]
[Black "Zimniok, Lubomir"]
[Result "1-0"]
[WhiteElo "2017"]
[BlackElo "2051"]
[PlyCount "91"]
[EventDate "2017.10.15"]
[EventType "team-tourn"]
[EventRounds "11"]
[EventCountry "CZE"]
[SourceTitle "EXT 2022"]
[Source "ChessBase"]
[SourceDate "2021.10.06"]
[SourceVersion "1"]
[SourceVersionDate "2021.10.06"]
[SourceQuality "1"]
[WhiteTeam "Olomouc ASK"]
[BlackTeam "Karvina"]
[WhiteTeamCountry "CZE"]
[BlackTeamCountry "CZE"]

1. Nf3 Nf6 2. g3 d6 3. d4 Bf5 4. Bg2 c6 5. 0-0 h6 6. b3 Nbd7 7. Bb2 e6 8. c4 Be7 9. Nc3 d5 10. Nd2 0-0 11. a3 Rc8 12. h3 Bh7 13. Kh2 Ne8 14. Rc1 Bf6 15. e3 Nd6 16. c5 Nf5 17. b4 e5 18. Nf3 e4 19. Nd2 Qc7 20. Kg1 Bg5 21. Qe1 Rce8 22. Rd1 Re6 23. Ndxe4 dxe4 24. Nxe4 Bd8 25. Qc3 Rg6 26. d5 Nf6 27. d6 Qd7 28. Nd2 Nh4 29. e4 Nxg2 30. Kxg2 Qe6 31. Rde1 Nh5 32. Qf3 Nf6 33. Qc3 Nd7 34. f4 f5 35. g4 fxe4 36. Nxe4 Qd5 37. Kh2 Bf6 38. Nxf6+ Rgxf6 39. Re7 R6f7 40. Qxg7+ Rxg7 41. Rxg7+ Kh8 42. Rxd7+ Rf6 43. Bxf6+ Kg8 44. Rg7+ Kf8 45. d7 Qd2+ 46. Kg3 1-0

[Event "CZE-chT2F 1718"]
[Site "Czech Republic"]
[Date "2018.01.14"]
[Round "6.8"]
[White "Prenosil, Jiri"]
[Black "Nytra, Ondrej"]
[Result "1-0"]
[WhiteElo "2017"]
[BlackElo "1953"]
[PlyCount "105"]
[EventDate "2017.10.15"]
[EventType "team-tourn"]
[EventRounds "11"]
[EventCountry "CZE"]
[SourceTitle "EXT 2022"]
[Source "ChessBase"]
[SourceDate "2021.10.06"]
[SourceVersion "1"]
[SourceVersionDate "2021.10.06"]
[SourceQuality "1"]
[WhiteTeam "Olomouc ASK"]
[BlackTeam "Frydek Mistek III"]
[WhiteTeamCountry "CZE"]
[BlackTeamCountry "CZE"]

1. Nf3 d5 2. c4 e6 3. g3 Nf6 4. Bg2 c6 5. b3 Bd6 6. Bb2 Nbd7 7. d4 0-0 8. 0-0 Re8 9. Nbd2 Qe7 10. Ne5 c5 11. e3 b6 12. Nxd7 Bxd7 13. dxc5 bxc5 14. Bxf6 Qxf6 15. cxd5 exd5 16. Bxd5 Rad8 17. Ne4 Rxe4 18. Bxe4 Bb5 19. Qf3 Qxf3 20. Bxf3 Bxf1 21. Kxf1 Kf8 22. Rc1 Ke7 23. Ke2 Ke6 24. Rc4 g6 25. Ra4 Bb8 26. Ra5 Kd6 27. Kd3 Ke6+ 28. Kc3 Be5+ 29. Kc2 c4 30. bxc4 Rd7 31. Bd5+ Kf5 32. f4 Bc7 33. Rxa7 Kg4 34. Bg2 Re7 35. c5 f5 36. a4 h6 37. a5 g5 38. a6 gxf4 39. gxf4 Re6 40. Rxc7 Rxa6 41. Rg7+ Kh4 42. Bb7 Ra2+ 43. Kd3 Ra3+ 44. Kd4 Ra4+ 45. Kd5 Ra5 46. Rg6 h5 47. Rg5 Rb5 48. Bc6 Rb3 49. Kd4 Rb4+ 50. Kc3 Rb1 51. Bf3 Rc1+ 52. Kd2 Kh3 53. Rxh5# 1-0

[Event "CZE-chT2E 0809"]
[Site "Czech Republic"]
[Date "2009.02.08"]
[Round "8.3"]
[White "Prenosil, Jiri"]
[Black "Strasil, Pavel"]
[Result "0-1"]
[WhiteElo "2085"]
[BlackElo "2184"]
[PlyCount "198"]
[EventDate "2008.10.12"]
[EventType "team-tourn"]
[EventRounds "11"]
[EventCountry "CZE"]
[SourceTitle "EXT 2010"]
[Source "ChessBase"]
[SourceDate "2010.11.25"]
[SourceVersion "1"]
[SourceVersionDate "2010.11.25"]
[SourceQuality "1"]
[WhiteTeam "Olomouc"]
[BlackTeam "Litovel II"]
[WhiteTeamCountry "CZE"]
[BlackTeamCountry "CZE"]

1. e4 c5 2. c4 e6 3. Nc3 a6 4. g3 Nc6 5. Bg2 Nf6 6. Nge2 Be7 7. 0-0 0-0 8. d4 cxd4 9. Nxd4 Qc7 10. b3 d6 11. Bb2 Bd7 12. Qd3 Nxd4 13. Qxd4 b5 14. cxb5 axb5 15. Rfc1 Qa7 16. Qd3 Rab8 17. Ne2 b4 18. Bd4 Qa5 19. h3 e5 20. Bb2 Bb5 21. Qe3 Qa6 22. Kf1 Rfc8 23. Ke1 Rxc1+ 24. Nxc1 Qc6 25. a4 Ba6 26. f3 Bd8 27. Qd2 Qc5 28. Qf2 Qxf2+ 29. Kxf2 Rc8 30. Rb1 Rc2+ 31. Kg1 Bb6+ 32. Kh1 Nh5 33. Na2 Bc5 34. Kh2 Be2 35. Nxb4 Bxb4 36. Rc1 Rxc1 37. Bxc1 Bd1 38. a5 Bxa5 39. Ba3 Bxb3 40. Bxd6 f6 41. f4 Be1 42. Bf3 Bf7 43. Kg2 exf4 44. g4 g5 45. gxh5 Bc3 46. Bg4 Bb3 47. Bc5 Kg7 48. Kf2 Bc2 49. Bf5 Kh6 50. Bg4 Kg7 51. Bf5 Bb3 52. Ke2 Bc4+ 53. Kf2 Bf7 54. Bg4 Bd2 55. Kf3 Be3 56. Be7 Bb3 57. Ke2 Kf7 58. Bd6 Bd4 59. Bf5 Be6 60. Bg4 Be5 61. Bc5 Bc7 62. Kf3 Bd8 63. Bd4 Be7 64. Bb6 Bb4 65. Bd4 Bd6 66. Bb6 Bb3 67. Kf2 Ke7 68. Bf5 Be6 69. Bg4 Kf7 70. Bd4 Be7 71. Bb6 Bb3 72. Bf5 Kg7 73. Bd4 Bf7 74. e5 fxe5 75. Bxe5+ Kh6 76. Bg4 Bxh5 77. Kf3 Be8 78. Bxf4 gxf4 79. Kxf4 Bg6 80. Kg3 Kg5 81. Bd7 Bd6+ 82. Kf3 Bc5 83. Bc8 Bh5+ 84. Bg4 Be8 85. Kg2 Kh4 86. Bf5 Bc6+ 87. Kh2 h6 88. Be6 Bd6+ 89. Kg1 Kg3 90. Kf1 h5 91. Bf5 Bc5 92. Ke2 h4 93. Bg4 Bg2 94. Bf5 Bxh3 95. Bxh3 Kxh3 96. Kf3 Kh2 97. Kg4 h3 98. Kf3 Kg1 99. Kg3 h2 0-1

[Event "CZE-chT2E 0809"]
[Site "Czech Republic"]
[Date "2008.12.21"]
[Round "5.5"]
[White "Prenosil, Jiri"]
[Black "Macharacek, Simon"]
[Result "1-0"]
[WhiteElo "2085"]
[BlackElo "2179"]
[PlyCount "109"]
[EventDate "2008.10.12"]
[EventType "team-tourn"]
[EventRounds "11"]
[EventCountry "CZE"]
[SourceTitle "EXT 2010"]
[Source "ChessBase"]
[SourceDate "2010.11.25"]
[SourceVersion "1"]
[SourceVersionDate "2010.11.25"]
[SourceQuality "1"]
[WhiteTeam "Olomouc"]
[BlackTeam "Brno Duras III"]
[WhiteTeamCountry "CZE"]
[BlackTeamCountry "CZE"]

1. e4 e5 2. Nf3 Nc6 3. Nc3 Nf6 4. d4 exd4 5. Nxd4 Bb4 6. Nxc6 bxc6 7. Bd3 d5 8. exd5 cxd5 9. 0-0 0-0 10. Bg5 c6 11. Qf3 Bd6 12. Rfe1 Rb8 13. Rab1 Be6 14. h3 Re8 15. Bxf6 Qxf6 16. Qxf6 gxf6 17. Nd1 c5 18. b3 c4 19. Bf1 Bb4 20. Re2 Bc5 21. Ne3 c3 22. Rbe1 Red8 23. g4 a5 24. Ng2 Rb4 25. Kh1 h5 26. gxh5 Kg7 27. Rxe6 fxe6 28. Rxe6 Re4 29. Rc6 Bd4 30. Bd3 Re5 31. Nf4 Rde8 32. Kg2 R8e7 33. Kf3 Rb7 34. Ne6+ Rxe6 35. Rxe6 Kh6 36. Rd6 a4 37. Rxd5 axb3 38. axb3 Be5 39. Kg4 Rg7+ 40. Bg6 Rb7 41. Kf5 Rb4 42. Rxe5 fxe5 43. Kxe5 Kg5 44. Kd5 Rf4 45. Kc5 Kf6 46. b4 Rxf2 47. b5 Ke6 48. h6 Rf4 49. h7 Rh4 50. b6 Kd7 51. Bf5+ Kd8 52. Kc6 Rc4+ 53. Kd6 Rh4 54. Ke5 Rh6 55. Kf4 1-0

[Event "CZE-chT2E 0809"]
[Site "Czech Republic"]
[Date "2008.10.12"]
[Round "1.5"]
[White "Prenosil, Jiri"]
[Black "Dubina, Pavel"]
[Result "1-0"]
[WhiteElo "2085"]
[BlackElo "2157"]
[PlyCount "69"]
[EventDate "2008.10.12"]
[EventType "team-tourn"]
[EventRounds "11"]
[EventCountry "CZE"]
[SourceTitle "EXT 2010"]
[Source "ChessBase"]
[SourceDate "2010.11.25"]
[SourceVersion "1"]
[SourceVersionDate "2010.11.25"]
[SourceQuality "1"]
[WhiteTeam "Olomouc"]
[BlackTeam "Zlin II"]
[WhiteTeamCountry "CZE"]
[BlackTeamCountry "CZE"]

1. e4 e6 2. d3 c5 3. c4 Nc6 4. Nc3 Nf6 5. g3 d5 6. exd5 exd5 7. Bg5 Be7 8. Bxf6 Bxf6 9. Nxd5 0-0 10. Qd2 Re8+ 11. Ne3 Bg4 12. h3 Bh5 13. Be2 Bg6 14. Rd1 Nd4 15. Kf1 Qb6 16. Nd5 Qc6 17. Bf3 Qd6 18. Kg2 Re5 19. h4 h6 20. Nf4 Bh7 21. Bxb7 Rae8 22. Nf3 Nxf3 23. Bxf3 g5 24. Nd5 Bd8 25. Ne3 f5 26. d4 Rxe3 27. fxe3 Bc7 28. Qf2 f4 29. exf4 gxf4 30. dxc5 Qf6 31. Rhe1 Rf8 32. Bd5+ Kh8 33. Qd4 Qxd4 34. Rxd4 fxg3 35. Bf3 1-0

[Event "Ostrava op"]
[Site "Ostrava"]
[Date "1998.??.??"]
[Round "?"]
[White "Prenosil, Jiri"]
[Black "Vysoglad, Petr"]
[Result "1/2-1/2"]
[WhiteElo "2015"]
[BlackElo "2100"]
[PlyCount "81"]
[EventDate "1998.??.??"]
[EventType "swiss"]
[EventRounds "10"]
[EventCountry "CZE"]
[SourceTitle "EXT 2006"]
[Source "ChessBase"]
[SourceDate "2005.11.24"]
[SourceVersion "1"]
[SourceVersionDate "2005.11.24"]
[SourceQuality "1"]

1. e4 c6 2. d3 d5 3. Nd2 g6 4. f4 Bg7 5. Ngf3 Qb6 6. c3 h5 7. Be2 Bg4 8. Qb3 Qxb3 9. Nxb3 Nd7 10. h3 Bxf3 11. Bxf3 dxe4 12. dxe4 0-0-0 13. Be3 e5 14. fxe5 Bxe5 15. 0-0-0 Ne7 16. Bxa7 b6 17. Rxd7 Rxd7 18. Bxb6 g5 19. Kc2 Ng6 20. Nc5 Re7 21. Rd1 Bc7 22. Na4 Bxb6 23. Nxb6+ Kc7 24. Nc4 g4 25. hxg4 hxg4 26. Bxg4 Rxe4 27. Rd4 Rxd4 28. cxd4 Rd8 29. Kc3 Nf4 30. Bf3 Ne6 31. Ne5 Nxd4 32. Nxf7 Nb5+ 33. Kc2 Ra8 34. a3 Nd4+ 35. Kc3 Nxf3 36. gxf3 Ra5 37. Nh6 Rh5 38. Ng4 Rg5 39. Nh2 Rc5+ 40. Kd3 Rd5+ 41. Kc3 1/2-1/2

[Event "Znojmo op-A"]
[Site "Znojmo"]
[Date "1997.??.??"]
[Round "?"]
[White "Masek, Jan"]
[Black "Prenosil, Jiri"]
[Result "0-1"]
[WhiteElo "1940"]
[BlackElo "1945"]
[PlyCount "72"]
[EventDate "1997.??.??"]
[EventType "swiss"]
[EventRounds "9"]
[EventCountry "CZE"]
[SourceTitle "EXT 1998"]
[Source "ChessBase"]
[SourceDate "1997.11.17"]
[SourceVersion "1"]
[SourceVersionDate "1997.11.17"]
[SourceQuality "1"]

1. e4 e5 2. Nf3 Nf6 3. Nxe5 d6 4. Nf3 Nxe4 5. d4 Be7 6. Bd3 d5 7. 0-0 0-0 8. Nbd2 f5 9. Ne5 Nc6 10. Ndf3 Nb4 11. Be2 c5 12. c4 Be6 13. a3 Nc6 14. Nxc6 bxc6 15. Ne5 Qc7 16. Qa4 cxd4 17. f4 d3 18. Nxd3 dxc4 19. Ne5 Bc5+ 20. Kh1 Nf2+ 21. Kg1 Nd3+ 22. Kh1 Nxe5 23. fxe5 Qxe5 24. Bxc4 Bxc4 25. Qxc4+ Qd5 26. Qc2 Rae8 27. Bf4 Bb6 28. Rac1 Re6 29. Rfd1 Rfe8 30. h3 Qe4 31. Bg3 f4 32. Bf2 Bxf2 33. Qxf2 Qe3 34. Rc2 Qg3 35. Rcd2 Re1+ 36. Qxe1 Rxe1+ 0-1